| 000 | 00770nam a2200181 a 4500 | ||
|---|---|---|---|
| 001 | 000683931 | ||
| 003 | AM-YEHGA | ||
| 005 | 20250617164214.0 | ||
| 008 | 090917s1962 ai | |||||||||||||rus|d | ||
| 040 | _aAM-YeHGA | ||
| 041 | 0 | _arus | |
| 100 | 1 | _aЯблоков, Юрий Николаевич | |
| 245 | 1 | 0 |
_aМеханизация послеуборочной обработки зерна / _cЮ.Н. Яблоков. |
| 260 |
_aВологда : _bВологодское кн. изд-во, _c1962. |
||
| 300 |
_a52 с. : _bсхемы ; _c22 см. |
||
| 650 | 1 | 4 |
_aСельскохозяйственные машины и орудия _xМашины и орудия для обработки сельскохозяйственных продуктов |
| 090 | _c523196 | ||
| 999 |
_c519634 _d519634 |
||